| 000 | 00596cam a2200229 4500 | ||
|---|---|---|---|
| 001 | M93522 | ||
| 008 | 090401t1985 xxu||||| |||| 00| 0 eng d | ||
| 035 | _a(Sirsi) u88101 | ||
| 041 | _aeng | ||
| 050 | _a333.337094212 | ||
| 110 |
_aDron and Wright _91943 |
||
| 245 | 2 | _aA survey of available city office space. - November 1983 - June 1985 | |
| 260 |
_aLondon _bDron and Wright _c1983-1985 |
||
| 300 | _a4 pt. ; 30cm. | ||
| 350 | _a0 | ||
| 650 | _aLONDON | ||
| 650 | _aOFFICE SPACE | ||
| 650 | _aOFFICES | ||
| 690 | _aPROPERTY-COMMERCIAL PROPERTY | ||
| 942 | _n0 | ||
| 948 | _c25/08/1998 | ||
| 999 |
_c97293 _d97293 |
||